000 00792nam a2200241Ia 4500
003 OSt
005 20220923220309.0
006 a|||||r|||| 00| 0
007 ta
008 220922b |||||||| |||| 00| 0 hin d
024 _a185,771
037 _cTextual
040 _aARTS
_cARTS
_bhin
041 _2hin
_ahin
082 _aY1:48:7, 152K4
100 _aलल्लनजी गोपाल
_9156369
245 0 _aहम सब एक हैं
246 _aHam sab ek haian
260 _aवाराणासी
_b हिन्दी प्रचारक पुस्तकालय
_c1964
650 _aभारतीय-लोक साहित्य
942 _hY1:48:7, 152K4
_cTEXL
_2CC
999 _c339017
_d339017